LDR 01334namaa2200313 i 4500 001 000000178677 003 CaOOAMICUS 005 20260420170236.0 007 tu 008 260420s1921 it a f 000 u ita r 040 $aPUL$bita$erda 082 0 $a370.1 100 1 $aLa Vaissière, Jules de,$cS.I.,$d1863-1940,$eautore.$0(OLS)http://pul/name/16203 245 10$aPsicologia pedagogica :$bil fanciullo, l'adolescente, il giovine /$cJ. de la Vaissière ; traduzione di Arturo Piroli. 264 1$aRoma :$bBuffetti,$c[1921] 300 $axv, 410 pagine :$billustrazioni ; $a18 cm 336 $atesto$btxt$2rdacontent 337 $asenza mediazione$bn$2rdamedia 338 $avolume$bnc$2rdacarrier 504 $aBibliografia in nota a piè pagina. 650 4$aPsicopedagogia.$0(OLS)http://pul/subject/23236 700 1 $aPiroli, Arturo,$etraduttore.$0(OLS)http://pul/name/114977 850 $aPUL 852 $aPUL$W1$xDP1 Fondo Benedetti Carloni$y126$m3 E 3$j166551$qFondi$B207858$CPULBib$Z2$F207858 $HBen41 $82 941 1 $a1 996 $6082$a370.1$9(OLS)http://pul/classification/413 996 $6245$aPsicologia pedagogica :$bil fanciullo, l'adolescente, il giovine$9(OLS)http://pul/title/220250 996 $6264$aRoma :$bBuffetti$9(OLS)http://pul/publisher/67101